Skip to content

La Sonnambula

Перешедшие в общественное достояние материалы электронного фонда ЦГПБ им. В.В. Маяковского. Сведения о издательстве или типографии: П. Юргенсон. Место издания: Москва...

Full description

Saved in:
Bibliographic Details
Main Author: Беллини В.
Format: Книга
Language:Russian
Published: Санкт-Петербург ЦГПБ им. В.В. Маяковского 1893
Online Access:http://e.lanbook.com/books/element.php?pl1_id=66607
https://e.lanbook.com/img/cover/book/66607.jpg
Tags: Add Tag
No Tags, Be the first to tag this record!
LEADER 01169nam0a2200229 i 4500
001 66607
003 RuSpLAN
005 20221220173940.0
008 221220s1893 ru gs 000 0 rus
040 |a RuSpLAN 
041 0 |a rus 
044 |a ru 
245 0 0 |a La Sonnambula  |c Беллини В. 
260 |a Санкт-Петербург  |b ЦГПБ им. В.В. Маяковского  |c 1893 
300 |a 243 с. 
504 |a Библиогр.: доступна в карточке книги, на сайте ЭБС Лань 
520 8 |a Перешедшие в общественное достояние материалы электронного фонда ЦГПБ им. В.В. Маяковского. Сведения о издательстве или типографии: П. Юргенсон. Место издания: Москва 
521 8 |a Книга из коллекции ЦГПБ им. В.В. Маяковского - Музыка и театр 
100 1 |a Беллини В. 
856 4 |u http://e.lanbook.com/books/element.php?pl1_id=66607 
856 4 8 |u https://e.lanbook.com/img/cover/book/66607.jpg 
953 |a https://e.lanbook.com/img/cover/book/66607.jpg 
Cannot write session to /tmp/vufind_sessions/sess_e6jb4qe9umld162aq5o0t3kt62